| 000 | 00574nam a2200241 a 4500 | ||
|---|---|---|---|
| 001 | nice12345678 | ||
| 003 | IN_TiNIC | ||
| 005 | 20260116014223.0 | ||
| 008 | 070416s2002 dela grp 000 0 eng | ||
| 020 |
_a818522966X _c225 |
||
| 082 | 0 | 0 |
_a909.0491411 _bHAB |
| 100 | _aHabib, Irfan | ||
| 245 | _aThe Indus Civilization | ||
| 260 |
_aDelhi _bTulika _c2002 |
||
| 300 | _a111p | ||
| 500 | _aincludes index and biblioraphy | ||
| 505 | 2 | _aIndex | |
| 650 | _aIndus Civilization | ||
| 700 | 1 | _aHabib, Irfan | |
| 902 | _bSRS | ||
| 942 | _cBK | ||
| 999 |
_c14389 _d14389 |
||